Woodrow Wilson and world settlement : (Record no. 25627)
[ view plain ]
| 000 -LEADER | |
|---|---|
| fixed length control field | 00763cam a22002411 4500 |
| 001 - CONTROL NUMBER | |
| control field | 25627 |
| 003 - CONTROL NUMBER IDENTIFIER | |
| rucl marc code | BD-RjUL |
| 005 - DATE AND TIME OF LATEST TRANSACTION | |
| control field | 20211209050914.0 |
| 008 - FIXED-LENGTH DATA ELEMENTS--GENERAL INFORMATION | |
| fixed length control field | 140318r19601922mauabch 001 0 eng |
| 035 ## - SYSTEM CONTROL NUMBER | |
| System control number | (BD-RjUL)25697 |
| System control number | (OCoLC)6191575 |
| 040 ## - CATALOGING SOURCE | |
| Original cataloging agency | DLC |
| Transcribing agency | ICIU |
| Modifying agency | BD-RjUL |
| Language of cataloging | eng |
| 041 ## - LANGUAGE CODE | |
| Language code of text/sound track or separate title | eng |
| 082 00 - DEWEY DECIMAL CLASSIFICATION NUMBER | |
| Classification number | 940.3141 |
| Author mark and year | BAW V-2 1960 |
| 100 1# - MAIN ENTRY--PERSONAL NAME | |
| Personal name | Baker, Ray Stannard, |
| Dates associated with a name | 1870-1946. |
| 9 (RLIN) | 78746 |
| 245 10 - TITLE STATEMENT | |
| Title | Woodrow Wilson and world settlement : |
| Statement of responsibility, etc. | written from his unpublished and personal material / |
| Number of part/section of a work | Volume II |
| 260 ## - PUBLICATION, DISTRIBUTION, ETC. (IMPRINT) | |
| Place of publication, distribution, etc. | Gloucester, Mass. : |
| Name of publisher, distributor, etc. | P. Smith, |
| Date of publication, distribution, etc. | c1922 [Reprinted 1960]. |
| 300 ## - PHYSICAL DESCRIPTION | |
| Pagination | xii, 561 p : |
| Illustrations | ill. ; |
| Size | 21 cm. |
| 600 10 - SUBJECT ADDED ENTRY--PERSONAL NAME | |
| Personal name | Wilson, Woodrow, |
| Dates associated with a name | 1856-1924. |
| 942 ## - ADDED ENTRY ELEMENTS (KOHA) | |
| Source of classification or shelving scheme | Dewey Decimal Classification |
| Koha item type | Books |
| Lost status | Source of classification or shelving scheme | Damaged status | Not for loan | Collection code | Permanent Location | Current Location | Shelving location | Date acquired | Source of acquisition | Cost, normal purchase price | Total Checkouts | Full call number | Date last seen | Copy number | Koha item type |
|---|---|---|---|---|---|---|---|---|---|---|---|---|---|---|---|
| Dewey Decimal Classification | Added to bundle | Non-fiction | Central Library, University of Rajshahi | Central Library, University of Rajshahi | Reading Room | 25/10/1962 | Zeitlinger | 159.00 | 940.3141 BAW V-2 1960 | 18/03/2014 | C-1 | Books |